Logo BPK

Biblioteka

Politechniki Koszalińskiej

The story of English / (Rekord nr 33933)

Szczegóły MARC
000 -ETYKIETA REKORDU
podpole kontrolne o stałej długości 00909nam a2200277 i 4500
001 - NUMER KONTROLNY REKORDU
pole kontrolne bg
003 - IDENTYFIKATOR NUMERU KONTROLNEGO REKORDU
podpole kontrolne BPK
005 - DATA OSTATNIEJ MODYFIKACJI REKORDU
podpole kontrolne 20160125084624.0
008 - POLE O STAŁEJ DŁUGOŚCI - DANE KONTROLNE
podpole kontrolne o stałej długości 020202s1992 uk a f |000 0 eng d
020 ## - MIĘDZYNARODOWY ZNORMALIZOWANY NUMER KSIĄŻKI - ISBN
ISBN 0571164439
040 ## - ŹRÓDŁO KATALOGOWANIA
Instytucja, która utworzyła rekord BPK
080 ## - UNIWERSALNA KLASYFIKACJA DZIESIĘTNA - UKD
UKD 811.111'282
080 ## - UNIWERSALNA KLASYFIKACJA DZIESIĘTNA - UKD
UKD 811.111'0
100 1# - NAZWA OSOBOWA
Nazwa osobowa McCrum, Robert.
245 10 - TYTUŁ/ODPOWIEDZIALNOŚĆ
Tytuł The story of English /
Pozostałe elementy strefy tytułu i oznaczenia odpowiedzialności Robert McCrum, William Cran, Robert MacNeil.
250 ## - STREFA WYDANIA
Oznaczenie wydania New and rev. ed.
260 ## - STREFA ADRESU WYDAWNICZEGO
Miejsce wydania London ;
-- Boston :
Nazwa wydawcy/dystrybutora Faber and Faber :
-- BBC Books,
Data publikacji, dystrybucji/powstania dokumentu 1992.
300 ## - STREFA OPISU FIZYCZNEGO
Objętość [12], 468 s. :
Inne cechy fizyczne mapy ;
Rozmiary 20 cm.
504 ## - UWAGA DOTYCZĄCA BIBLIOGRAFII
Informacje o bibliografii Indeks.
650 #4 - HASŁO PRZEDMIOTOWE W FORMIE NAZWY OGÓLNEJ LUB JEDNOSTKOWEJ
Nazwa ogólna lub geograficzna Język angielski
Określnik ogólny dialekty i regionalizmy.
650 #4 - HASŁO PRZEDMIOTOWE W FORMIE NAZWY OGÓLNEJ LUB JEDNOSTKOWEJ
Nazwa ogólna lub geograficzna Język angielski
Określnik ogólny historia.
700 1# - HASŁO DODATKOWE - NAZWA OSOBOWA
Nazwa osobowa Cran, William.
700 1# - HASŁO DODATKOWE - NAZWA OSOBOWA
Nazwa osobowa MacNeil, Robert
Daty związane z nazwą (1931- ).
856 ## - LOKALIZACJA I DOSTĘP DO ELEKTRONICZNYCH DOKUMENTÓW ZDALNYCH
Link (URL) http://koha.tu.koszalin.pl/cgi-bin/koha/opac-detail.pl?biblionumber=33933
Tekst linku Katalog online BPK
942 ## - DODATKOWE ELEMENTY (KOHA)
Typ dokumentu Książka
Schemat klasyfikacji Uniwersalna Klasyfikacja Dziesiętna
Egzemplarze
Wycofany Status egzemplarza Uszkodzony Dostępność Lokalizacja stała Lokalizacja bieżąca Miejsce przechowywania Sygnatura Kod kreskowy Dział Typ dokumentu
      Tylko na miejscu Biblioteka Politechniki Koszalińskiej Biblioteka Politechniki Koszalińskiej Czytelnia Wydziałowa ul. Kwiatkowskiego 6e 45741 01363579 811.111(091) Język angielski - historia Książka
© 2023 Biblioteka Politechniki Koszalińskiej :: KOHA